La tragedia griega / (Record no. 77575)

MARC details
000 -LEADER
campo de control de longitud fija 00915nam a2200277 i 4500
001 - NÚMERO DE CONTROL
campo de control 77575
003 - IDENTIFICADOR DE NÚMERO DE CONTROL
campo de control ES-MaACL
005 - FECHA Y HORA DE LA ÚLTIMA TRANSACCIÓN
campo de control 20230906173300.0
007 - CAMPO FIJO DE DESCRIPCIÓN FÍSICA--INFORMACIÓN GENERAL
campo de control de longitud fija t|
008 - DATOS DE LONGITUD FIJA--INFORMACIÓN GENERAL
campo de control de longitud fija 041021s2001 sp ||||1| spa d
020 ## - NÚMERO INTERNACIONAL ESTÁNDAR DEL LIBRO
Número Internacional Estándar del Libro 84-95359-19-7
080 ## - NÚMERO DE LA CLASIFICACIÓN DECIMAL UNIVERSAL
Número de la Clasificación Decimal Universal 821.14-21.09
100 1# - ENTRADA PRINCIPAL--NOMBRE DE PERSONA
Nombre de persona Lesky, Albin.
9 (RLIN) 71843
245 13 - MENCIÓN DEL TÍTULO
Título La tragedia griega /
Mención de responsabilidad, etc. Albin Lesky ; presentación de Jaume Páortulas ; traducción de Juan Godó Costa revisada por Montserrat Camps.
250 ## - MENCION DE EDICION
Mención de edición 1ª ed. en el Acantilado.
260 ## - PUBLICACIÓN, DISTRIBUCIÓN, ETC.
Lugar de publicación, distribución, etc. Barcelona :
Nombre del editor, distribuidor, etc. El Acantilado,
Fecha de publicación, distribución, etc. 2001.
300 ## - DESCRIPCIÓN FÍSICA
Extensión 406 p. ;
Dimensiones 22 cm.
490 1# - MENCIÓN DE SERIE
Mención de serie Acantilado ;
Designación de volumen o secuencia 45
650 14 - PUNTO DE ACCESO ADICIONAL DE MATERIA--TÉRMINO DE MATERIA
Término de materia o nombre geográfico como elemento de entrada Tragedia griega-
Subdivisión general Historia y crítica.
9 (RLIN) 17620
700 1# - ENTRADA AGREGADA--NOMBRE PERSONAL
Nombre de persona Pòrtulas, Jaume.
9 (RLIN) 93297
700 1# - ENTRADA AGREGADA--NOMBRE PERSONAL
Nombre de persona Godo Costa, Juan.
9 (RLIN) 57532
700 1# - ENTRADA AGREGADA--NOMBRE PERSONAL
Nombre de persona Camps, Montserrat (
Fechas asociadas al nombre 1944-)
9 (RLIN) 34318
830 0# - PUNTO DE ACCESO ADICIONAL DE SERIE-TÍTULO UNIFORME
Título uniforme Acantilado ;
Designación de volumen o secuencia 45
9 (RLIN) 182222
852 ## - LOCALIZACIÓN
Ubicación ES-MaACL
Número de control de estantería L-28335
Sublocalización o colección R.134254
Holdings
Estatus retirado Estado de pérdida Estado de daño No para préstamo Biblioteca de origen Biblioteca actual Ubicación en estantería Fecha de adquisición Fuente de adquisición Total de préstamos Signatura topográfica completa Código de barras Visto por última vez Precio de reemplazo Tipo de ítem Koha
        Biblioteca del Ateneo de Madrid Biblioteca del Ateneo de Madrid Depósito 2 17/01/2008     L-28335 1081162 23/02/2023 23/02/2023 Libro impreso